| 000 | 01368cab a2200193 4500 | ||
|---|---|---|---|
| 001 | ##L133273 | ||
| 008 | 060425n2006 000 0 eng u | ||
| 035 | _a(Sirsi) u133273 | ||
| 041 | 0 | _aeng | |
| 100 | 1 | _aSing, Tien Foo | |
| 245 | 0 | 0 |
_aImpact of information and communications technology on real estate space _bperspective of office occupiers |
| 260 | _c2006 | ||
| 490 | 0 |
_aJournal of Property Investment and Finance _v23(6) 2005, 494-505(12) |
|
| 520 | _aAims to empirically test whether space reduction effects of Information Communications Technology (ICT) are significant in the office market in Singapore. It also examines variations in firms' responses, and how increasing use of ICT will impact on their operational and activities. This includes productivity, staffing structure and requirements, adoption of working practices, quality of customer service, and the importance of a central meeting place. The findings reveal that only a small proportion felt that they could reduce office space with more ICT use. However, some firms believed that ICT will enable flexible workflows, which in turn will change the way corporate real estate strategies are designed. | ||
| 590 | _a090506 | ||
| 650 | 2 | 4 | _aSINGAPORE |
| 690 | _aPROPERTY-COMMERCIAL PROPERTY-CORPORATE REAL ESTATE-CORPORATE REAL ESTATE MANAGEMENT-STRATEGIC FACILITIES PLANNING | ||
| 942 | _n0 | ||
| 999 |
_c76899 _d76899 |
||